MODERN BUSINESS MANAGEMENT (Record no. 8989)

MARC details
000 -LEADER
fixed length control field 00339nam a2200133Ia 4500
008 - FIXED-LENGTH DATA ELEMENTS--GENERAL INFORMATION
fixed length control field 240624s9999 xx 000 0 und d
041 ## - LANGUAGE CODE
Language code of text/sound track or separate title eng
082 ## - DEWEY DECIMAL CLASSIFICATION NUMBER
Classification number 658 KHU
100 ## - MAIN ENTRY--PERSONAL NAME
Personal name KHURANA NEERAJ
245 ## - TITLE STATEMENT
Title MODERN BUSINESS MANAGEMENT
260 ## - PUBLICATION, DISTRIBUTION, ETC.
Date of publication, distribution, etc. 2004
Place of publication, distribution, etc. Jaipur
Name of publisher, distributor, etc. Sublime Publications
300 ## - PHYSICAL DESCRIPTION
Extent v, : 279 : p. : cm. ; 22
365 ## - TRADE PRICE
Currency code RS
Price amount 40
Holdings
Withdrawn status Lost status Damaged status Not for loan Home library Current library Shelving location Date acquired Source of acquisition Cost, normal purchase price Full call number Barcode Date last seen Copy number Price effective from Koha item type
        IMTN IMTN Rack 22-B 05/28/2008 AP 650.00 658 KHU 8989 06/24/2024 1 06/24/2024 Books
Designed & Maintained by: LRC IMT Nagpur Contact: lrc@imtnag.ac.in© 2024. All Rights Reserved.